Tangle of lies
| Main Author: | |
|---|---|
| Format: | Book |
| Published: |
New York :
Berkley sensationc2005
|
| Subjects: |
MARC
| LEADER | 00000cam a2200000 7i4500 | ||
|---|---|---|---|
| 001 | 0000008511 | ||
| 005 | 20070917.0 | ||
| 008 | 070917 | ||
| 020 | |a 0425203948 | ||
| 090 | 0 | 0 | |a POT |b ENG |
| 100 | 1 | |a Potter,Patricia | |
| 245 | 1 | 0 | |a Tangle of lies |c Patricia Potter |
| 260 | |a New York : |b Berkley sensationc2005 | ||
| 650 | 0 | |a English fiction | |
| 999 | |a 0000994188 |b Book |c Adult Collection |e Perbadanan Perpustakaan Awam Johor | ||
| 999 | |a 0000994189 |b Book |c Adult Collection |e Perbadanan Perpustakaan Awam Johor | ||